Strukturální změny veřejných financí v průběhu transformace
Problematika prebytku rozpočtu na začiatku transformácie, jeho príčiny a dôsledky. Časová a vecná súslednosť krokov rozpočtovej reformy. Celkové pôsobenie verejných financií v doterajšom hospodárskom vývoji v období transformácie. Štátny rozpočet ako nástroj konsolidácie mikrosféry. Príjmy z privati...
Salvato in:
| Autore principale: | |
|---|---|
| Natura: | Capitolo di libro |
| Lingua: | ceco |
| Soggetti: | |
| Tags: |
Nessun Tag, puoi essere il primo ad aggiungerne!!
|
MARC
| LEADER | 00000naa a2200000 4500 | ||
|---|---|---|---|
| 001 | r023199 | ||
| 005 | 20221208130607.3 | ||
| 041 | 0 | |a cze | |
| 044 | |a CZ | ||
| 245 | 1 | 0 | |a Strukturální změny veřejných financí v průběhu transformace |c P. Štěpánek |
| 520 | |a Problematika prebytku rozpočtu na začiatku transformácie, jeho príčiny a dôsledky. Časová a vecná súslednosť krokov rozpočtovej reformy. Celkové pôsobenie verejných financií v doterajšom hospodárskom vývoji v období transformácie. Štátny rozpočet ako nástroj konsolidácie mikrosféry. Príjmy z privatizácie. Otázky rozpočtovej vyrovnanosti. | ||
| 610 | 2 | 0 | |a politika fiškálna |
| 610 | 2 | 0 | |a politika rozpočtová |
| 610 | 2 | 0 | |a rozpočet štátny |
| 610 | 2 | 0 | |a reformy štruktúrne |
| 610 | 2 | 0 | |a saldo |
| 610 | 2 | 0 | |a financie verejné |
| 610 | 2 | 0 | |a vývoj hospodársky |
| 610 | 2 | 0 | |a transformácia |
| 610 | 2 | 0 | |a Česko |
| 610 | 2 | 0 | |a privatizácia |
| 610 | 2 | 0 | |a príjmy |
| 610 | 2 | 0 | |a rozpočet vyrovnaný |
| 100 | 1 | |a Štěpánek, Petr | |